000 01052nam0a22002411 4500
001 rc\823948
005 20041129091605.1
035 _a(NLR Aleph) 006006433
090 _a7282839
_c7282839
100 _a20041129d1983 u |0rusy50 ca
101 0 _arus
102 _aRU
105 _ay |||||||||
200 1 _aПравовые вопросы в организации анестезиологической и реаниматологической работы многопрофильной больницы
_eУчеб. пособие для врачей-курсантов
210 _aЛ.
_cЛенГИДУВ
_d1983 (вып. дан. 1984)
215 _a14 с.
_d20
300 _aВ надзаг.: Ленингр. гос. ин-т усоверш. врачей им. С.М. Кирова, Каф. анестезиологии и реаниматологии
700 1 _aВаневский
_bВ. Л.
_gВладимир Львович
801 0 _aRU
_bNLR
_gpsbo
801 1 _aRU
_bELAR
_2rusmarc
852 _aNLR
_j84-4/19834
942 _cBOOK
980 _aNB